[Event "South Asian Chess Council-ch"]
[Site "Godawari"]
[Date "2023.06.14"]
[Round "2"]
[White "Silwal, Purushottam"]
[Black "Lama, Surbir"]
[Result "1-0"]
[WhiteElo "1828"]
[BlackElo "2032"]
[PlyCount "103"]
[EventDate "2023.06.14"]
[EventType "tourn"]
[EventRounds "9"]
[EventCountry "NEP"]
[SourceTitle "CBM 214 Extra"]
[Source "ChessBase"]
[SourceDate "2023.07.31"]
[SourceVersion "1"]
[SourceVersionDate "2023.07.31"]
[SourceQuality "1"]

1. e4 c5 2. Nf3 Nc6 3. Bb5 g6 4. 0-0 Bg7 5. c3 Nf6 6. Re1 0-0 7. d4 cxd4 8. cxd4 d5 9. e5 Ne4 10. Bxc6 bxc6 11. Be3 Rb8 12. Qc1 Qb6 13. b3 f6 14. exf6 exf6 15. Nbd2 Nxd2 16. Qxd2 g5 17. Rac1 Bd7 18. Rc5 Rfe8 19. Rcc1 Re6 20. Red1 h6 21. Qc2 Rf8 22. Qc5 Rfe8 23. Qxb6 axb6 24. a4 Bf8 25. Kf1 Bc8 26. Rc2 Ba6+ 27. Kg1 Ba3 28. Ra1 Bb4 29. Rac1 Rc8 30. Bd2 Ba3 31. Re1 Kf7 32. Rxe6 Kxe6 33. b4 Bc4 34. Rc3 Bb2 35. Rc2 g4 36. Rxb2 gxf3 37. Bxh6 Rg8 38. g3 Ra8 39. g4 Rxa4 40. h4 f5 41. g5 Ra1+ 42. Kh2 f4 43. g6 Bf1 44. g7 Kf7 45. Rc2 Bc4 46. Rc3 Rd1 47. Ra3 Rd2 48. Ra7+ Kf6 49. Bg5+ Kf5 50. Rf7+ Ke6 51. g8Q Rxf2+ 52. Kh3 1-0

[Event "NEP-chB"]
[Site "Bhaktapur"]
[Date "2023.02.04"]
[Round "1"]
[White "Lama, Surbir"]
[Black "Silwal, Purushottam"]
[Result "1-0"]
[WhiteElo "2003"]
[BlackElo "1715"]
[PlyCount "73"]
[EventDate "2023.02.04"]
[EventType "swiss"]
[EventRounds "9"]
[EventCountry "NEP"]
[SourceTitle "EXT 2024"]
[Source "ChessBase"]
[SourceDate "2023.10.10"]
[SourceVersion "1"]
[SourceVersionDate "2023.10.10"]
[SourceQuality "1"]

1. e4 e6 2. d4 d5 3. Nc3 Nf6 4. e5 Ng8 5. f4 c5 6. Nf3 Nc6 7. Ne2 Nh6 8. c3 Nf5 9. Ng3 Nxg3 10. hxg3 Qb6 11. Qb3 Qxb3 12. axb3 cxd4 13. Nxd4 Nxd4 14. cxd4 Bb4+ 15. Bd2 Bxd2+ 16. Kxd2 Bd7 17. Bd3 Ke7 18. g4 g6 19. Rh6 Kf8 20. g5 Kg7 21. g4 a5 22. Ke3 a4 23. bxa4 Rxa4 24. Rxa4 Bxa4 25. f5 Rc8 26. Rh1 Bd7 27. f6+ Kg8 28. Ra1 Rb8 29. Ra7 Be8 30. Kd2 b5 31. Kc3 b4+ 32. Kb3 Kf8 33. Ba6 Bc6 34. Rc7 Rb6 35. Rc8+ Be8 36. Ra8 h6 37. gxh6 1-0

[Event "Liwali Bhaktapur Cup"]
[Site "Liwali"]
[Date "2021.03.15"]
[Round "5.1"]
[White "Subedi, Rajan"]
[Black "Lama, Surbir"]
[Result "1/2-1/2"]
[WhiteElo "1914"]
[BlackElo "1965"]
[PlyCount "57"]
[EventDate "2021.03.13"]
[EventType "team-swiss"]
[EventRounds "7"]
[EventCountry "NEP"]
[SourceTitle "EXT 2022"]
[Source "ChessBase"]
[SourceDate "2021.10.06"]
[SourceVersion "1"]
[SourceVersionDate "2021.10.06"]
[SourceQuality "1"]
[WhiteTeam "Damak Municipality"]
[BlackTeam "Hetauda Sub Metropolitan City"]
[WhiteTeamCountry "NEP"]
[BlackTeamCountry "NEP"]

1. e4 e6 2. d4 d5 3. Nd2 Nf6 4. exd5 exd5 5. Bd3 Bd6 6. Ngf3 0-0 7. 0-0 Nc6 8. c3 Bg4 9. h3 Bh5 10. Re1 Re8 11. Rxe8+ Qxe8 12. Be2 a6 13. Nf1 Bg6 14. Nh4 Ne7 15. Bg5 Ne4 16. Bxe7 Qxe7 17. Nxg6 hxg6 18. Bf3 c6 19. Qc2 Ng5 20. Be2 Re8 21. Bd3 Qf6 22. Qd2 Bf4 23. Qc2 Bc7 24. Qd2 Ne4 25. Bxe4 Rxe4 26. Re1 Bf4 27. Qd1 Qe6 28. Rxe4 Qxe4 29. Nh2 1/2-1/2

[Event "Budha Bhandari Memorial"]
[Site "Budhanilkantha"]
[Date "2019.11.10"]
[Round "2"]
[White "Lama, Surbir"]
[Black "Tamang, Sudip"]
[Result "1-0"]
[WhiteElo "2014"]
[BlackElo "1835"]
[PlyCount "129"]
[EventDate "2019.11.09"]
[EventType "swiss"]
[EventRounds "9"]
[EventCountry "NEP"]
[SourceTitle "CBM 193 Extra"]
[Source "ChessBase"]
[SourceDate "2020.01.31"]
[SourceVersion "1"]
[SourceVersionDate "2020.01.31"]
[SourceQuality "1"]

1. Nf3 Nf6 2. d4 e6 3. c4 d5 4. Nc3 a6 5. c5 b6 6. cxb6 cxb6 7. Bg5 Nbd7 8. e3 Bb7 9. Bd3 Be7 10. 0-0 0-0 11. a4 h6 12. Bf4 Ne4 13. Bxe4 dxe4 14. Nd2 Nf6 15. Be5 Bd6 16. Nc4 Bxe5 17. dxe5 Nd5 18. Qd4 Nxc3 19. bxc3 Qxd4 20. cxd4 b5 21. Nb6 Rad8 22. axb5 axb5 23. Ra7 Bd5 24. h3 f6 25. exf6 Rxf6 26. Rb1 Bc4 27. Nxc4 bxc4 28. Rc7 Rf7 29. Rbb7 Rxc7 30. Rxc7 e5 31. Rxc4 exd4 32. exd4 Kf7 33. Kf1 Ke6 34. Ke2 Kd5 35. Rc7 Kxd4 36. Rxg7 Ra8 37. g3 Ra2+ 38. Kf1 Ra6 39. Re7 Rb6 40. Kg2 Ra6 41. h4 Rb6 42. Rf7 Ke5 43. Kh3 Rg6 44. g4 Ra6 45. Rf5+ Kd4 46. h5 e3 47. Rf4+ Kd3 48. Rf3 Ke2 49. Rxe3+ Kxf2 50. Re5 Ra3+ 51. Kh4 Kf3 52. Re6 Kf4 53. Rxh6 Ra1 54. Rf6+ Ke5 55. Kg5 Rg1 56. Rf2 Ra1 57. Re2+ Kd6 58. Kf6 Rf1+ 59. Kg6 Rf8 60. h6 Rg8+ 61. Kh5 Rh8 62. g5 Kd7 63. g6 Ra8 64. g7 Ra5+ 65. Kg6 1-0

[Event "Mumbai Wealth op 3rd"]
[Site "Mumbai"]
[Date "2017.12.31"]
[Round "2"]
[White "Lama, Surbir"]
[Black "Manush, Shah"]
[Result "0-1"]
[WhiteElo "1978"]
[BlackElo "2148"]
[PlyCount "104"]
[EventDate "2017.12.30"]
[EventType "swiss"]
[EventRounds "9"]
[EventCountry "IND"]
[SourceTitle "CBM 182 Extra"]
[Source "ChessBase"]
[SourceDate "2018.02.23"]
[SourceVersion "1"]
[SourceVersionDate "2018.02.23"]
[SourceQuality "1"]

1. e4 c6 2. d4 d5 3. Nc3 dxe4 4. Nxe4 Bf5 5. Ng3 Bg6 6. Nf3 Nf6 7. Ne5 Nbd7 8. f4 e6 9. Bd3 Nxe5 10. fxe5 Nd5 11. a3 Qh4 12. c3 Nf4 13. Bxf4 Qxf4 14. Qd2 Qh4 15. 0-0-0 Be7 16. Kb1 0-0 17. Qc2 Rac8 18. Bxg6 hxg6 19. Qe4 Qxe4+ 20. Nxe4 f5 21. Nc5 Bxc5 22. dxc5 Rcd8 23. Rd6 Kf7 24. Rhd1 Rde8 25. R1d4 g5 26. h3 Rh8 27. Kc2 Re7 28. b4 Kg6 29. a4 f4 30. b5 Rc8 31. bxc6 Rxc6 32. Rxc6 bxc6 33. a5 Kf5 34. a6 Kxe5 35. Rb4 Kf6 36. Rb6 e5 37. Rxc6+ Re6 38. Rb6 e4 39. c4 e3 40. Kd1 Ke5 41. Ke1 Kf5 42. Ke2 g6 43. Rd6 Re4 44. Rd5+ Kf6 45. Rd6+ Re6 46. Rb6 Ke5 47. Kf3 Kf5 48. Rd6 Re5 49. Rd5 Ke6 50. Rd6+ Ke7 51. Rd5 Re6 52. Rxg5 e2 0-1

[Event "Mumbai Wealth op 3rd"]
[Site "Mumbai"]
[Date "2017.12.30"]
[Round "1"]
[White "Abu Sufian, Sakil"]
[Black "Lama, Surbir"]
[Result "1-0"]
[WhiteElo "2312"]
[BlackElo "1978"]
[PlyCount "64"]
[EventDate "2017.12.30"]
[EventType "swiss"]
[EventRounds "9"]
[EventCountry "IND"]
[SourceTitle "CBM 182 Extra"]
[Source "ChessBase"]
[SourceDate "2018.02.23"]
[SourceVersion "1"]
[SourceVersionDate "2018.02.23"]
[SourceQuality "1"]

1. e4 g6 2. d4 Bg7 3. Nc3 c5 4. Nf3 cxd4 5. Nxd4 Nc6 6. Be3 Nf6 7. Nb3 0-0 8. Be2 d6 9. 0-0 Be6 10. f4 a6 11. Bf3 Qc7 12. Kh1 Rac8 13. Qd2 Rfe8 14. Nd5 Bxd5 15. exd5 Nb8 16. c3 Nbd7 17. Rad1 Nb6 18. Qf2 Nc4 19. Bd4 Qd7 20. Nc1 b5 21. Nd3 Na5 22. Nb4 Ra8 23. Nc6 Nb7 24. Qh4 Nd8 25. Nxe7+ Rxe7 26. Bxf6 Bxf6 27. Qxf6 Nb7 28. Bg4 Qc7 29. f5 Re3 30. Qh4 Rae8 31. f6 Kh8 32. Qh6 Kg8 1-0

[Event "THA-chT"]
[Site "Bangkok"]
[Date "2015.12.04"]
[Round "2.2"]
[White "Lama, Surbir"]
[Black "Wongsawan, Thoetsak"]
[Result "1-0"]
[WhiteElo "2050"]
[BlackElo "1803"]
[PlyCount "99"]
[EventDate "2015.12.04"]
[EventType "team-swiss"]
[EventRounds "9"]
[EventCountry "THA"]
[SourceTitle "EXT 2017"]
[Source "ChessBase"]
[SourceDate "2016.10.25"]
[SourceVersion "1"]
[SourceVersionDate "2016.10.25"]
[SourceQuality "1"]
[WhiteTeam "IWICA II"]
[BlackTeam "Bangapi Board Game"]
[WhiteTeamCountry "THA"]
[BlackTeamCountry "THA"]

1. d4 Nf6 2. Nf3 g6 3. g3 Bg7 4. Bg2 0-0 5. 0-0 d5 6. c4 c6 7. Nbd2 h6 8. b4 a6 9. Bb2 Bf5 10. Qb3 Ne4 11. Rfd1 e6 12. Nh4 Nd7 13. Nxf5 gxf5 14. cxd5 exd5 15. Qf3 Qg5 16. e3 Ndf6 17. h4 Qg4 18. Qxg4 fxg4 19. Nb3 Rfe8 20. Nc5 Re7 21. Bf1 Nxc5 22. bxc5 Ne4 23. Rac1 h5 24. Ba3 Bh6 25. Rc2 f5 26. Bc1 Rf8 27. Rd3 Rff7 28. Kg2 Bg7 29. Rb3 Kh7 30. Bd3 Kg8 31. Rb6 Bf6 32. a4 f4 33. gxf4 Bxh4 34. Bxe4 Rxe4 35. f3 gxf3+ 36. Kxf3 Bd8 37. Rg2+ Kh7 38. Rbb2 Ba5 39. Rg5 Re6 40. Rxh5+ Kg7 41. Rbh2 Kf6 42. Rh6+ Ke7 43. Rxe6+ Kxe6 44. Rh6+ Kd7 45. Rh1 Bd8 46. Bd2 Ke6 47. Be1 b6 48. Rh6+ Rf6 49. Rxf6+ Bxf6 50. Bh4 1-0

[Event "Chennai op 5th"]
[Site "Chennai"]
[Date "2013.01.21"]
[Round "9"]
[White "Padmini, Rout"]
[Black "Lama, Surbir"]
[Result "1-0"]
[WhiteElo "2288"]
[BlackElo "2086"]
[PlyCount "119"]
[EventDate "2013.01.16"]
[EventType "swiss"]
[EventRounds "11"]
[EventCountry "IND"]
[SourceTitle "CBM 152 Extra"]
[Source "ChessBase"]
[SourceDate "2013.02.25"]
[SourceVersion "1"]
[SourceVersionDate "2013.02.25"]
[SourceQuality "1"]

1. e4 e5 2. Nf3 Nf6 3. Nxe5 d6 4. Nf3 Nxe4 5. Nc3 Nxc3 6. dxc3 Be7 7. Bf4 0-0 8. Qd2 Nd7 9. 0-0-0 Nc5 10. Nd4 Ne6 11. Be3 Nxd4 12. Bxd4 c5 13. Be3 Qa5 14. Bc4 Be6 15. Bd5 Rab8 16. h4 b5 17. Bg5 Bd8 18. Bxd8 Rfxd8 19. h5 h6 20. Rhe1 Bxd5 21. Qxd5 b4 22. Re7 Rf8 23. cxb4 Qxb4 24. b3 Qf4+ 25. Kb1 c4 26. f3 cxb3 27. axb3 a5 28. Qxa5 Qh2 29. g4 Qf2 30. Qd5 Rbc8 31. Qd3 Qc5 32. Re4 d5 33. Ra4 Rfe8 34. Ra2 Rcd8 35. Qd4 Qe7 36. Kb2 Qe2 37. Rd3 Qg2 38. Ra7 Re6 39. Qf4 Rf6 40. Qc7 Re8 41. Rxd5 Qxf3 42. Rd8 Rfe6 43. Rxe8+ Rxe8 44. Ra4 Qf6+ 45. Qc3 Qe6 46. Qc4 Qd7 47. Qd4 Qe6 48. Ra7 Rc8 49. Rd7 Re8 50. b4 g6 51. hxg6 Qxg6 52. b5 Rb8 53. Rd8+ Rxd8 54. Qxd8+ Kg7 55. Qd4+ Kg8 56. b6 Qc6 57. c4 Kh7 58. Kc3 f6 59. Qd8 Qf3+ 60. Qd3+ 1-0

[Event "Asia zt 3.2"]
[Site "New Delhi"]
[Date "2009.08.14"]
[Round "9"]
[White "Rahman, Ziaur"]
[Black "Lama, Surbir"]
[Result "1-0"]
[WhiteElo "2538"]
[BlackElo "2047"]
[PlyCount "107"]
[EventDate "2009.08.09"]
[EventType "tourn"]
[EventRounds "13"]
[EventCountry "IND"]
[EventCategory "3"]
[SourceTitle "CBM 131 Extra"]
[Source "ChessBase"]
[SourceDate "2009.09.03"]
[SourceVersion "2"]
[SourceVersionDate "2009.09.16"]
[SourceQuality "1"]

1. Nf3 Nf6 2. c4 c5 3. Nc3 e6 4. g3 b6 5. Bg2 Bb7 6. 0-0 Be7 7. Re1 Ne4 8. Nxe4 Bxe4 9. d3 Bb7 10. e4 0-0 11. d4 cxd4 12. Nxd4 d6 13. Be3 Nd7 14. Qe2 Rc8 15. f4 Qc7 16. b3 Nc5 17. Bf2 a5 18. Rad1 Rfe8 19. g4 Qb8 20. Nb5 Bf8 21. Bg3 d5 22. f5 Qa8 23. cxd5 exd5 24. Nc7 Rxc7 25. Bxc7 dxe4 26. Bd6 Nd3 27. Bxf8 Nxe1 28. Qxe1 Rxf8 29. Qe3 Rd8 30. Rf1 Rd6 31. h4 Qd8 32. g5 Rd1 33. Rxd1 Qxd1+ 34. Kh2 Qd6+ 35. Qg3 Qd8 36. f6 g6 37. Qe5 Bd5 38. Kg3 a4 39. bxa4 Bxa2 40. Bxe4 Be6 41. h5 gxh5 42. Kh4 Kh8 43. Kxh5 Qe8 44. Kh4 Bd7 45. Qxe8+ Bxe8 46. Bc2 Bc6 47. Kg4 Bd7+ 48. Kf4 Kg8 49. Ke5 h6 50. gxh6 Bxa4 51. Bxa4 Kh7 52. Bb3 Kxh6 53. Bxf7 Kh7 54. Ke6 1-0

[Event "Asia zt 3.2"]
[Site "New Delhi"]
[Date "2009.08.13"]
[Round "7"]
[White "Neelotpal, Das"]
[Black "Lama, Surbir"]
[Result "1-0"]
[WhiteElo "2474"]
[BlackElo "2047"]
[PlyCount "114"]
[EventDate "2009.08.09"]
[EventType "tourn"]
[EventRounds "13"]
[EventCountry "IND"]
[EventCategory "3"]
[SourceTitle "CBM 131 Extra"]
[Source "ChessBase"]
[SourceDate "2009.09.03"]
[SourceVersion "2"]
[SourceVersionDate "2009.09.16"]
[SourceQuality "1"]

1. d4 Nf6 2. Nf3 e6 3. Bg5 Be7 4. e3 b6 5. Bd3 Bb7 6. Nbd2 c5 7. 0-0 0-0 8. c3 d5 9. Qb1 Nbd7 10. Ne5 h6 11. Bxf6 Bxf6 12. f4 a5 13. Rf3 cxd4 14. exd4 Nxe5 15. fxe5 Bg5 16. Qe1 Ba6 17. Bxa6 Rxa6 18. Qe2 Ra7 19. Raf1 b5 20. Rg3 b4 21. Nf3 Be7 22. Ne1 Bh4 23. Rh3 Bxe1 24. Qxe1 bxc3 25. Qxc3 Qg5 26. Rg3 Qh5 27. h3 Raa8 28. Rg4 Kh7 29. Qc7 Kg8 30. b3 Kh8 31. Kh2 a4 32. b4 a3 33. Rf3 Kg8 34. b5 Rfc8 35. Qe7 Re8 36. Qb4 Reb8 37. Rfg3 g6 38. Rf3 Rb7 39. Rf6 Rab8 40. Qxa3 Rxb5 41. Rgf4 R5b7 42. Rxf7 Rxf7 43. Rxf7 g5 44. Rf6 Re8 45. Qd3 g4 46. Rg6+ Kh8 47. Rxg4 Ra8 48. Qd2 Rg8 49. Rxg8+ Kxg8 50. a4 Kh7 51. a5 Qe8 52. Qc2+ Kh8 53. Qc1 Kh7 54. a6 Qa4 55. Qb1+ Kg7 56. Qb6 Qa1 57. Qxe6 Qxd4 1-0